Albums belges avec plus d'1 milliard de streams sur Spotify - Statistiques

Statistiques générales
  • Ce quiz a été pris 37 fois
  • Le résultat moyen est 3 sur 6
Statistiques - réponses
Nb de streams Nom de l'album Artiste % Correct
1 136 278 783 Brol La Suite Angèle
94%
1 734 092 979 racine carrée Stromae
91%
1 232 763 947 Ipséité Damso
81%
2 365 529 354 Making Mirrors Gotye
25%
2 501 735 980 Less Is More Lost Frequencies
13%
2 377 499 582 All Stand Together Lost Frequencies
13%
Aucun quiz correspondant
Distribution des résultats
% des personnes avec chaque résultat
Percentile par nombre de réponses
Votre historique - résultats
Vous n’avez pas pris ce quiz